| 000 | 00611nam a2200181Ia 4500 | ||
|---|---|---|---|
| 999 |
_c14669 _d14669 |
||
| 003 | OSt | ||
| 005 | 20201119112210.0 | ||
| 008 | 190216s9999||||xx |||||||||||||| ||und|| | ||
| 020 | _a9789380658384 | ||
| 040 | _coclc | ||
| 082 |
_a361.76092254 _bBAN/I |
||
| 100 |
_aBansal, Rashmi _95813 |
||
| 245 | 0 |
_aI Have a Dream : _bThe inspiring stories of 20 social entrepreneurs who found new ways to solve old problems / _cRashmi Bansal |
|
| 260 |
_bWestland, _c2011. _aChennai: |
||
| 300 | _a347p | ||
| 650 | _aEnglish-Biography | ||
| 942 |
_cBK _2ddc _h361.76092254 _iBAN/I _k361.76092254 _mBAN/I |
||